000 00399nam a22001577a 4500
005 20240611135308.0
008 240611b |||||||| |||| 00| 0 eng d
082 _a297.5
_bGHA-T
100 _aImaam Ghazali
245 _aTableegh-i-Deen/
_cImaam Ghazali
260 _aLahore;
_bZamin Publishers;
_c2001
300 _a319 p.:
_c18 cm.
650 _aOther Religion/Islam
999 _c35897
_d35897